000 00198nam a22000857a 4500
041 _aENG
245 _aDisinfection syerilization and Preservation
260 _aDelhi
_bLea.& Febiger
_c1977
300 _a1049
999 _c3166
_d3166